The New Haven laboratory ; (Record no. 35612)
[ view plain ]
| 000 -LEADER | |
|---|---|
| fixed length control field | 00806cam a2200253 4500 |
| 001 - CONTROL NUMBER | |
| control field | 35612 |
| 003 - CONTROL NUMBER IDENTIFIER | |
| rucl marc code | BD-RjUL |
| 005 - DATE AND TIME OF LATEST TRANSACTION | |
| control field | 20211209052342.0 |
| 008 - FIXED-LENGTH DATA ELEMENTS--GENERAL INFORMATION | |
| fixed length control field | 140528s1974 maua b 000 0 eng |
| 020 ## - INTERNATIONAL STANDARD BOOK NUMBER | |
| International Standard Book Number | 0669936588 |
| 035 ## - SYSTEM CONTROL NUMBER | |
| System control number | (BD-RjUL)35707 |
| 040 ## - CATALOGING SOURCE | |
| Original cataloging agency | DLC |
| Transcribing agency | DLC |
| Modifying agency | BD-RjUL |
| Language of cataloging | eng |
| 041 ## - LANGUAGE CODE | |
| Language code of text/sound track or separate title | eng |
| 082 00 - DEWEY DECIMAL CLASSIFICATION NUMBER | |
| Classification number | 307.120746 |
| Author mark and year | NEW 1974 |
| 245 04 - TITLE STATEMENT | |
| Title | The New Haven laboratory ; |
| Remainder of title | a test-bed for planning / |
| Statement of responsibility, etc. | David Birch [and others] |
| 260 ## - PUBLICATION, DISTRIBUTION, ETC. (IMPRINT) | |
| Place of publication, distribution, etc. | Lexington, Mass : |
| Name of publisher, distributor, etc. | Lexington Books ; |
| Date of publication, distribution, etc. | 1974 |
| 300 ## - PHYSICAL DESCRIPTION | |
| Pagination | xxiii, 440 p. : |
| Illustrations | illus. ; |
| Size | 24 cm. |
| 504 ## - BIBLIOGRAPHY, ETC. NOTE | |
| Bibliography, etc | Includes bibliographies. |
| 650 #0 - SUBJECT ADDED ENTRY--TOPICAL TERM | |
| Topical term or geographic name as entry element | Regional planning |
| Geographic subdivision | Connecticut |
| -- | New Haven metropolitan area |
| General subdivision | Mathematical models. |
| 9 (RLIN) | 108438 |
| 700 1# - ADDED ENTRY--PERSONAL NAME | |
| Personal name | Birch, David L. |
| 942 ## - ADDED ENTRY ELEMENTS (KOHA) | |
| Source of classification or shelving scheme | Dewey Decimal Classification |
| Koha item type | Books |
| Lost status | Source of classification or shelving scheme | Damaged status | Not for loan | Collection code | Permanent Location | Current Location | Shelving location | Date acquired | Source of acquisition | Total Checkouts | Full call number | Date last seen | Copy number | Koha item type |
|---|---|---|---|---|---|---|---|---|---|---|---|---|---|---|
| Dewey Decimal Classification | Not For Loan | Non-fiction | Central Library, University of Rajshahi | Central Library, University of Rajshahi | Reading Room | 14/03/1977 | Asia Fundation Gift | 307.120746 NEW 1974 | 28/05/2014 | C-1 | Books |